Effect of sawdust incubatory on growing of straw mushroom ay crops station in the royal university of agriculture,(ឥទ្ធិពលនៃការផ្អាប់អាចម៍រណា លើការលូតលាស់របស់ផ្សិតចំបើង នៅស្ថានីយ៍ពោសោធន៍ដំណាំនាំសាកលវិទ្យាល័យភូមិន្ធកសិកម្ម). (Record no. 817)

000 -LEADER
fixed length control field 00791nam a22001577a 4500
003 - CONTROL NUMBER IDENTIFIER
control field OSt
005 - DATE AND TIME OF LATEST TRANSACTION
control field 20150919104302.0
008 - FIXED-LENGTH DATA ELEMENTS--GENERAL INFORMATION
fixed length control field 150919b xxu||||| |||| 00| 0 eng d
040 ## - CATALOGING SOURCE
Transcribing agency RUA
082 ## - DEWEY DECIMAL CLASSIFICATION NUMBER
Classification number AGR HOU 2006 BO33 Or.1
100 ## - MAIN ENTRY--PERSONAL NAME
9 (RLIN) 847
Personal name HOUT, SOCHEY
245 ## - TITLE STATEMENT
Title Effect of sawdust incubatory on growing of straw mushroom ay crops station in the royal university of agriculture,(ឥទ្ធិពលនៃការផ្អាប់អាចម៍រណា លើការលូតលាស់របស់ផ្សិតចំបើង នៅស្ថានីយ៍ពោសោធន៍ដំណាំនាំសាកលវិទ្យាល័យភូមិន្ធកសិកម្ម).
260 ## - PUBLICATION, DISTRIBUTION, ETC. (IMPRINT)
Place of publication, distribution, etc. phnom phen
Name of publisher, distributor, etc. RUA
Date of publication, distribution, etc. 2006
300 ## - PHYSICAL DESCRIPTION
Extent xi, 39p.
Other physical details ill.
Dimensions 29cm.
942 ## - ADDED ENTRY ELEMENTS (KOHA)
Source of classification or shelving scheme
Koha item type AGR
Holdings
Price effective from Date last seen Permanent Location Not for loan Date acquired Source of classification or shelving scheme Koha item type Lost status Withdrawn status Total Renewals Date last checked out Total Checkouts Shelving location Damaged status Barcode Current Location Full call number
2015-09-192025-03-24Library Block B 2015-09-19 AGR  12025-02-274B033 RUA002835Library Block BAGR HUO 2006 BO33 Or.2
2015-09-192025-12-22Library Block B 2015-09-19 AGR  22025-11-1915B033 RUA002618Library Block DAGR HUO 2006 BO33 Or.1
មជ្ឈមណ្ឌលឯការនៃសាកលវិទ្យាល័យភូមិន្ទកសិកម្មចំការដូង

Powered by Koha